Effect of worm medicine on the weight increase of swine

Kaydedildi:
Detaylı Bibliyografya
Yazar: Trần Hoàng Văn
Materyal Türü: Kitap
Dil:Undetermined
Baskı/Yayın Bilgisi: Cần Thơ Viện Đại Học Cần Thơ - Trường Cao Đẳng Nông Nghiệp 1972
Konular:
Etiketler: Etiketle
Etiket eklenmemiş, İlk siz ekleyin!
Thư viện lưu trữ: Trung tâm Học liệu Trường Đại học Cần Thơ
LEADER 00595nam a2200181Ia 4500
001 CTU_33617
008 210402s9999 xx 000 0 und d
082 |a 636.4 
082 |b V115 
100 |a Trần Hoàng Văn 
245 0 |a Effect of worm medicine on the weight increase of swine 
245 0 |c Trần Hoàng Văn 
260 |a Cần Thơ 
260 |b Viện Đại Học Cần Thơ - Trường Cao Đẳng Nông Nghiệp 
260 |c 1972 
650 |a domestic animals,swine 
904 |i Minh, 991104 
980 |a Trung tâm Học liệu Trường Đại học Cần Thơ